Welcome to the Holygrace Academy Library

Please use search bar below to get started

REFORMERS AND POLITICIANS (Record no. 6670)

MARC details
000 -LEADER
fixed length control field 00341nam a22001457a 4500
020 ## - INTERNATIONAL STANDARD BOOK NUMBER
ISBN 81-7862-400-1
082 ## - DEWEY DECIMAL CLASSIFICATION NUMBER
Classification number 001
Item number DAT/R
100 ## - MAIN ENTRY--AUTHOR NAME
Personal name DATTA,NEETA
245 ## - TITLE STATEMENT
Title REFORMERS AND POLITICIANS
250 ## - EDITION STATEMENT
Edition statement FIRST
260 ## - PUBLICATION, DISTRIBUTION, ETC. (IMPRINT)
Place of publication NEW DELHI
Name of publisher STERLING PRESS
Year of publication 2005
300 ## - PHYSICAL DESCRIPTION
Number of Pages 48
650 ## - SUBJECT ADDED ENTRY--TOPICAL TERM
Topical Term REFORMERS AND POLITICIANS
Geographic subdivision NEW DELHI
942 ## - ADDED ENTRY ELEMENTS (KOHA)
Koha item type Books
Holdings
Withdrawn status Lost status Collection code Home library Current library Shelving location Date acquired Source of acquisition Full call number Accession Number Koha item type
    Reference Main Library Main Library SHELF-17-L-BIOGRAPHIES & AUTOBIOGRAPHIES 18/04/2006 PURCHASE 001 DAT/R 01121 Books
    Reference Main Library Main Library SHELF-17-L-BIOGRAPHIES & AUTOBIOGRAPHIES 16/11/2006 PURCHASE 001 DAT/R 03278 Books